Caudillos en Hispanoamérica 1800-1850 / (Record no. 10317)

MARC details
000 -LEADER
campo de control de longitud fija 01802nam a2200385 i 4500
001 - NÚMERO DE CONTROL
campo de control 10317
003 - IDENTIFICADOR DE NÚMERO DE CONTROL
campo de control ES-MaACL
005 - FECHA Y HORA DE LA ÚLTIMA TRANSACCIÓN
campo de control 20250731063016.0
007 - CAMPO FIJO DE DESCRIPCIÓN FÍSICA--INFORMACIÓN GENERAL
campo de control de longitud fija t|
008 - DATOS DE LONGITUD FIJA--INFORMACIÓN GENERAL
campo de control de longitud fija 950504s1993 sp ||||1| spa d
017 ## - NÚMERO DE COPYRIGHT O DE DEPÓSITO LEGAL
Número de copyright o de depósito legal M 22886-1993
020 ## - NÚMERO INTERNACIONAL ESTÁNDAR DEL LIBRO
Número Internacional Estándar del Libro 84-7100-379-1
080 ## - NÚMERO DE LA CLASIFICACIÓN DECIMAL UNIVERSAL
Número de la Clasificación Decimal Universal 321.18(8=60)"18"
080 ## - NÚMERO DE LA CLASIFICACIÓN DECIMAL UNIVERSAL
Número de la Clasificación Decimal Universal 98(=60)"18"
100 1# - ENTRADA PRINCIPAL--NOMBRE DE PERSONA
Nombre de persona Lynch, John,
Fechas asociadas al nombre 1927-2018
Término indicativo de función/relación Autor
9 (RLIN) 74938
245 10 - MENCIÓN DEL TÍTULO
Título Caudillos en Hispanoamérica 1800-1850 /
Mención de responsabilidad, etc. John Lynch ; [traducción de Martín Rasskin Gutman]
260 ## - PUBLICACIÓN, DISTRIBUCIÓN, ETC.
Lugar de publicación, distribución, etc. Madrid :
Nombre del editor, distribuidor, etc. MAPFRE,
Fecha de publicación, distribución, etc. [1993]
300 ## - DESCRIPCIÓN FÍSICA
Extensión 569 páginas :
Otras características físicas mapas ;
Dimensiones 23 cm
490 1# - MENCIÓN DE SERIE
Mención de serie Colección América 92 ;
Designación de volumen o secuencia 13
500 ## - NOTA GENERAL
Nota general Índices
504 ## - NOTA DE BIBLIOGRAFÍA, ETC.
Nota de bibliografía, etc. Bibliografía: páginas [539]-557
505 ## - NOTA DE CONTENIDO CON FORMATO
Nota de contenido con formato Estructuras caudillares: Precursores y premoniciones; La independencia: cantera de caudillos; Los nuevos dirigentes; Caudillismo y Estado-Nación; El gendarme necesario; Carreras caudillares: Juan Manuel de Rosas: Argentina, 1829-1852; José Antonio Páez: Venezuela, 1830-1850; Antonio López de Santa Anna: México, 1821-1855; Rafael Carrera: Guatemala, 1837-1865; La tradición de los caudillos en Hispanoamérica
530 ## - NOTA DISPONIBLE DE FORMULARIO FÍSICO ADICIONAL
Nota de formato físico adicional disponible Disponible en formato digital
534 ## - NOTA SOBRE LA VERSIÓN ORIGINAL
Encabezamiento principal del original Traducción de: Caudillos en el mundo hispánico
650 #4 - PUNTO DE ACCESO ADICIONAL DE MATERIA--TÉRMINO DE MATERIA
Término de materia o nombre geográfico como elemento de entrada Dictadores-
Subdivisión geográfica América Latina
9 (RLIN) 11877
651 #4 - PUNTO DE ACCESO ADICIONAL DE MATERIA--NOMBRE GEOGRÁFICO
Nombre geográfico América Latina-
Subdivisión general Historia-
Subdivisión cronológica S.XIX
9 (RLIN) 138934
700 1# - ENTRADA AGREGADA--NOMBRE PERSONAL
9 (RLIN) 241450
Nombre de persona Rasskin Gutman, Martín
Término indicativo de función/relación Traductor
710 2# - ENTRADA AGREGADA--NOMBRE DE ENTIDAD CORPORATIVA
Nombre de entidad corporativa o nombre de jurisdicción como elemento de entrada Fundación MAPFRE
Término indicativo de función/relación Editor
9 (RLIN) 4362
830 00 - PUNTO DE ACCESO ADICIONAL DE SERIE-TÍTULO UNIFORME
Título uniforme Colección América 92
Designación de volumen o secuencia 13
9 (RLIN) 178984
852 4# - LOCALIZACIÓN
Ubicación ES-MaACL
Sublocalización o colección R.123043
Ubicación en estantería Depósito 2
Número de control de estantería L-17812
856 ## - LOCALIZACIÓN Y ACCESO ELECTRÓNICOS
Identificador Uniforme de Recursos <a href="https://archive.org/details/lynch-john.-caudillos-en-hispanoamerica-1800-1850-1993">https://archive.org/details/lynch-john.-caudillos-en-hispanoamerica-1800-1850-1993</a>
Texto de enlace Versión en línea
Nota pública (Internet Archive)
942 ## - ELEMENTOS DE ENTRADA SECUNDARIOS (KOHA)
Fuente del sistema de clasificación o colocación Clasificación decimal universal
Tipo de ítem Koha Libro impreso
Suprimir en OPAC No
Holdings
Estatus retirado Estado de pérdida Fuente del sistema de clasificación o colocación Estado de daño No para préstamo Colección Biblioteca de origen Biblioteca actual Ubicación en estantería Fecha de adquisición Total de préstamos Signatura topográfica completa Código de barras Visto por última vez Tipo de ítem Koha
    Clasificación decimal universal     Colección digital Biblioteca del Ateneo de Madrid Biblioteca del Ateneo de Madrid Depósito 2 17/01/2008   L-17812 1010527 23/02/2023 Libro impreso